[Event "GBR-ch108 Major Open"]
[Site "Torquay"]
[Date "2022.08.13"]
[Round "1"]
[White "Ogunshola, Ben"]
[Black "Burton, Nick"]
[Result "1-0"]
[WhiteElo "2140"]
[BlackElo "1740"]
[PlyCount "81"]
[EventDate "2022.08.13"]
[EventType "swiss"]
[EventRounds "9"]
[EventCountry "GBR"]
[SourceTitle "BritBase"]
[Source "John Saunders"]
[SourceDate "2021.06.05"]
[SourceVersion "1"]
[SourceVersionDate "2021.06.05"]
[SourceQuality "1"]

1. c4 Nf6 2. Nf3 g6 3. Nc3 Bg7 4. g3 O-O 5. Bg2 d6 6. d3 e5 7. Rb1 Nc6 8. b4 h6
9. O-O Be6 10. b5 Ne7 11. a4 Qd7 12. Ba3 Bh3 13. c5 Bxg2 14. Kxg2 Ne8 15. Qb3
Kh7 16. cxd6 cxd6 17. Nd5 f5 18. Rfc1 f4 19. Nxe7 Qxe7 20. Nd2 fxg3 21. hxg3
Qg5 22. Ne4 Qf5 23. f3 Rd8 24. Qd5 Rf7 25. b6 axb6 26. Rxb6 Nc7 27. Qa2 d5 28.
Nd6 Rxd6 29. Bxd6 e4 30. f4 Ne6 31. Rb5 Qg4 32. Rxd5 Nxf4+ 33. Bxf4 Rxf4 34.
Rd8 h5 35. Rc7 Kh6 36. Rxg7 Kxg7 37. Qg8+ Kh6 38. Qh8+ Kg5 39. Qe5+ Rf5 40.
Qe7+ Rf6 41. Rd5+ 1-0

[Event "GBR-ch108 Major Open"]
[Site "Torquay"]
[Date "2022.08.13"]
[Round "1"]
[White "Cox, Toby"]
[Black "Smith, Andrew Philip"]
[Result "0-1"]
[WhiteElo "1702"]
[BlackElo "2073"]
[PlyCount "52"]
[EventDate "2022.08.13"]
[EventType "swiss"]
[EventRounds "9"]
[EventCountry "GBR"]
[SourceTitle "BritBase"]
[Source "John Saunders"]
[SourceDate "2021.06.05"]
[SourceVersion "1"]
[SourceVersionDate "2021.06.05"]
[SourceQuality "1"]

1. e4 e5 2. f4 d5 3. exd5 exf4 4. Nf3 c6 5. Nc3 Bd6 6. d4 Ne7 7. dxc6 Nbxc6 8.
Ne4 Bc7 9. Bc4 O-O 10. O-O Bg4 11. c3 Ng6 12. Nf2 Bh5 13. Nd3 Nxd4 14. Kh1 Nxf3
15. gxf3 Qf6 16. Bd5 Rad8 17. Be4 Qa6 18. Qc2 f5 19. Bxf4 fxe4 20. Nc5 Qc6 21.
Bxc7 exf3 22. Rf2 Qxc5 23. Bxd8 Rxd8 24. Re1 Nf4 25. Rd2 Rxd2 26. Qxd2 f2 0-1

[Event "GBR-ch108 Major Open"]
[Site "Torquay"]
[Date "2022.08.13"]
[Round "1"]
[White "James, Russell A"]
[Black "Tye, Jack"]
[Result "1-0"]
[WhiteElo "2033"]
[BlackElo "1428"]
[PlyCount "43"]
[EventDate "2022.08.13"]
[EventType "swiss"]
[EventRounds "9"]
[EventCountry "GBR"]
[SourceTitle "BritBase"]
[Source "John Saunders"]
[SourceDate "2021.06.05"]
[SourceVersion "1"]
[SourceVersionDate "2021.06.05"]
[SourceQuality "1"]

1. e4 c5 2. Nf3 Nc6 3. d4 cxd4 4. Nxd4 e5 5. Nb5 d6 6. c4 Nf6 7. N1c3 a6 8. Na3
Be7 9. Be2 Nd4 10. O-O Nxe2+ 11. Qxe2 Be6 12. Bd2 Rc8 13. Nd5 O-O 14. Rac1 Nd7
15. Nc2 f5 16. exf5 Bxf5 17. Nd4 Nc5 18. Nxf5 Rxf5 19. Qg4 Rf7 20. b4 Nd7 21.
Qe6 Nf8 22. Nxe7+ 1-0

[Event "GBR-ch108 Major Open"]
[Site "Torquay"]
[Date "2022.08.13"]
[Round "1"]
[White "Davis, Cameron"]
[Black "Dignam, Matthew"]
[Result "0-1"]
[WhiteElo "1487"]
[BlackElo "2080"]
[PlyCount "76"]
[EventDate "2022.08.13"]
[EventType "swiss"]
[EventRounds "9"]
[EventCountry "GBR"]
[SourceTitle "BritBase"]
[Source "John Saunders"]
[SourceDate "2021.06.05"]
[SourceVersion "1"]
[SourceVersionDate "2021.06.05"]
[SourceQuality "1"]

1. e4 d6 2. d4 Nf6 3. Nc3 c6 4. f4 Qa5 5. e5 Ne4 6. Nf3 Nxc3 7. bxc3 Qxc3+ 8.
Bd2 Qa3 9. Bd3 Bg4 10. O-O Nd7 11. h3 Bxf3 12. Qxf3 e6 13. f5 O-O-O 14. fxe6
fxe6 15. Bg5 Qb4 16. c4 Qc3 17. Bxd8 Qxd4+ 18. Qf2 Qxf2+ 19. Rxf2 Nxe5 20. Bxh7
Kxd8 21. Rc1 g6 22. Rf6 Be7 23. Rxg6 Rxh7 24. Rg8+ Kc7 25. Kh2 c5 26. g4 Bg5
27. Rf1 Nxg4+ 28. Kg3 Ne3 29. Rf3 Bh4+ 30. Kh2 Nxc4 31. Rf4 Ne5 32. Re8 c4 33.
Rxe6 Kd7 34. Rxe5 dxe5 35. Rxc4 Ke6 36. Kg2 Kd5 37. Rc2 e4 38. Kf1 Rf7+ 0-1

[Event "GBR-ch108 Major Open"]
[Site "Torquay"]
[Date "2022.08.13"]
[Round "1"]
[White "Shaw, Peter"]
[Black "Davis, Timothy"]
[Result "1-0"]
[WhiteElo "2117"]
[BlackElo "1660"]
[PlyCount "113"]
[EventDate "2022.08.13"]
[EventType "swiss"]
[EventRounds "9"]
[EventCountry "GBR"]
[SourceTitle "BritBase"]
[Source "John Saunders"]
[SourceDate "2021.06.05"]
[SourceVersion "1"]
[SourceVersionDate "2021.06.05"]
[SourceQuality "1"]

1. d4 Nf6 2. c4 g6 3. Nc3 d5 4. cxd5 Nxd5 5. e4 Nxc3 6. bxc3 Bg7 7. Be3 O-O 8.
Qd2 c5 9. d5 Nd7 10. Nf3 Qa5 11. Rc1 b6 12. Bh6 Nf6 13. Bxg7 Kxg7 14. e5 Ng4
15. h3 Nh6 16. c4 Qxd2+ 17. Kxd2 Bb7 18. Bd3 e6 19. d6 Bxf3 20. gxf3 f6 21.
Rce1 Rad8 22. f4 fxe5 23. fxe5 Rxf2+ 24. Kc3 Nf7 25. a4 Rf3 26. h4 Rf8 27. Rh2
Nd8 28. Kd2 Nc6 29. Be4 Nd4 30. Rg2 Ra3 31. Reg1 Rxa4 32. h5 Ra2+ 33. Kd3 Rxg2
34. Rxg2 Nf5 35. hxg6 hxg6 36. Bxf5 Rxf5 37. Ke4 Rf7 38. Rd2 Rd7 39. Rf2 Rd8
40. Rf6 Re8 41. Kf4 Kh6 42. Rxe6 Rd8 43. Re7 a5 44. Ra7 g5+ 45. Kf5 g4 46. Kxg4
Kg6 47. Kf4 Rh8 48. Ke4 Rh4+ 49. Kd5 Rd4+ 50. Ke6 Rxc4 51. d7 Rd4 52. Ra8 c4
53. d8=Q Rxd8 54. Rxd8 a4 55. Rg8+ Kh5 56. Kf5 Kh4 57. e6 1-0

[Event "GBR-ch108 Major Open"]
[Site "Torquay"]
[Date "2022.08.13"]
[Round "1"]
[White "Alldritt, Nigel R E"]
[Black "Gartside, Carl"]
[Result "1-0"]
[WhiteElo "2049"]
[BlackElo "1739"]
[PlyCount "67"]
[EventDate "2022.08.13"]
[EventType "swiss"]
[EventRounds "9"]
[EventCountry "GBR"]
[SourceTitle "BritBase"]
[Source "John Saunders"]
[SourceDate "2021.06.05"]
[SourceVersion "1"]
[SourceVersionDate "2021.06.05"]
[SourceQuality "1"]

1. d4 Nf6 2. c4 g6 3. Nc3 Bg7 4. e4 d6 5. Nf3 O-O 6. Be2 Nbd7 7. O-O e5 8. Be3
Qe7 9. d5 c5 10. dxc6 bxc6 11. Qc2 Nb6 12. b4 d5 13. Bc5 Qc7 14. Bxf8 Bxf8 15.
c5 Nbd7 16. Rad1 d4 17. Nb1 a5 18. a3 axb4 19. axb4 Rb8 20. Bc4 Bh6 21. Qa2
Rxb4 22. Bxf7+ Kh8 23. Be6 Nxe4 24. Qa3 Rb5 25. Rfe1 Ndxc5 26. Bxc8 Qxc8 27.
Nxe5 Qf5 28. Nf3 Rb3 29. Qa8+ Bf8 30. Nbd2 Rd3 31. Nxe4 Rxd1 32. Rxd1 Nxe4 33.
Re1 Qf4 34. Rxe4 1-0

[Event "GBR-ch108 Major Open"]
[Site "Torquay"]
[Date "2022.08.13"]
[Round "1"]
[White "Volovich, Julia"]
[Black "Humphreys, Jerry G"]
[Result "1/2-1/2"]
[WhiteElo "1625"]
[BlackElo "1942"]
[PlyCount "93"]
[EventDate "2022.08.13"]
[EventType "swiss"]
[EventRounds "9"]
[EventCountry "GBR"]
[SourceTitle "BritBase"]
[Source "John Saunders"]
[SourceDate "2021.06.05"]
[SourceVersion "1"]
[SourceVersionDate "2021.06.05"]
[SourceQuality "1"]

1. d4 Nf6 2. c4 g6 3. Nc3 d5 4. cxd5 Nxd5 5. e4 Nxc3 6. bxc3 Bg7 7. Bc4 c5 8.
Ne2 O-O 9. O-O Nc6 10. Be3 Bg4 11. f3 Bd7 12. Rb1 cxd4 13. cxd4 b6 14. Qd2 Re8
15. h4 e6 16. h5 Na5 17. Bd3 Rc8 18. h6 Bf8 19. Rfc1 Qe7 20. e5 Qa3 21. Ng3
Rxc1+ 22. Rxc1 Bb4 23. Qe2 Nc6 24. Rc2 Ne7 25. Rc7 Bc6 26. Qc2 Ba4 27. Qe2 Nd5
28. Bc1 Nc3 29. Qd2 Nd5 30. Qe2 Nc3 31. Bxa3 Nxe2+ 32. Nxe2 Bxa3 33. Rxa7 b5
34. Nc3 Bb2 35. Bxb5 Bxc3 36. Rxa4 Rd8 37. f4 Bxd4+ 38. Kh2 Bc5 39. g4 Kf8 40.
g5 Rb8 41. Bf1 Ke8 42. Rc4 Be7 43. Bg2 Rb4 44. Rc8+ Kd7 45. Rh8 Rxf4 46. Rxh7
Bxg5 47. Kg3 1/2-1/2

[Event "GBR-ch108 Major Open"]
[Site "Torquay"]
[Date "2022.08.13"]
[Round "1"]
[White "Starley, Robert"]
[Black "Sadler, Ben"]
[Result "1-0"]
[WhiteElo "1900"]
[BlackElo "1644"]
[PlyCount "57"]
[EventDate "2022.08.13"]
[EventType "swiss"]
[EventRounds "9"]
[EventCountry "GBR"]
[SourceTitle "BritBase"]
[Source "John Saunders"]
[SourceDate "2021.06.05"]
[SourceVersion "1"]
[SourceVersionDate "2021.06.05"]
[SourceQuality "1"]

1. e4 e6 2. d4 d5 3. Nc3 Nf6 4. Bg5 Be7 5. e5 Nfd7 6. Bxe7 Qxe7 7. f4 a6 8. Nf3
c5 9. Ne2 Nc6 10. c3 cxd4 11. Nexd4 Nc5 12. Be2 O-O 13. O-O Bd7 14. Qc2 Rac8
15. Rad1 Nxd4 16. Rxd4 Ne4 17. Rfd1 Bb5 18. Bxb5 axb5 19. a3 Qc5 20. g3 Rc6 21.
Kg2 Rfc8 22. Rb4 Qe3 23. Re1 Qb6 24. Nd4 Rxc3 25. bxc3 Rxc3 26. Qb2 Qc5 27. Re2
b6 28. Nxb5 Rc1 29. Nd4 1-0

[Event "GBR-ch108 Major Open"]
[Site "Torquay"]
[Date "2022.08.13"]
[Round "1"]
[White "Cordova-Lopez, Diego Anton"]
[Black "Sugden, John N"]
[Result "1-0"]
[WhiteElo "1471"]
[BlackElo "2032"]
[PlyCount "109"]
[EventDate "2022.08.13"]
[EventType "swiss"]
[EventRounds "9"]
[EventCountry "GBR"]
[SourceTitle "BritBase"]
[Source "John Saunders"]
[SourceDate "2021.06.05"]
[SourceVersion "1"]
[SourceVersionDate "2021.06.05"]
[SourceQuality "1"]

1. e4 c5 2. Nf3 e6 3. d4 cxd4 4. Nxd4 Nc6 5. c4 Qh4 6. Nc3 Bb4 7. Qd3 Ne5 8.
Qe2 Nf6 9. Bd2 O-O 10. g3 Qh5 11. Qxh5 Nxh5 12. f4 Nc6 13. Nc2 Be7 14. a3 d6
15. Be3 b6 16. Rd1 Bb7 17. b4 Nf6 18. Bg2 Rab8 19. Bf3 Ba8 20. Kf2 Rfd8 21. Rd2
Ne8 22. Rhd1 Bf6 23. Nb5 Be7 24. g4 a6 25. Nc3 b5 26. cxb5 axb5 27. g5 g6 28.
Nd4 Nxd4 29. Bxd4 Rdc8 30. h4 Bc6 31. Rc2 Ra8 32. Rdc1 Bd7 33. Be2 Rcb8 34. Nb1
Bf8 35. e5 d5 36. Bc5 Ng7 37. Bxf8 Kxf8 38. Rc7 Ke8 39. Bd3 Kd8 40. Ke3 Ne8 41.
R7c5 Rc8 42. Rxc8+ Rxc8 43. Rxc8+ Kxc8 44. Nc3 Ng7 45. Nxb5 Bxb5 46. Bxb5 Nf5+
47. Kf2 Nxh4 48. Bd3 Kc7 49. a4 Nf5 50. Bxf5 gxf5 51. Ke3 Kb6 52. a5+ Ka6 53.
Kd3 Kb5 54. Kd4 Kc6 55. a6 1-0

[Event "GBR-ch108 Major Open"]
[Site "Torquay"]
[Date "2022.08.13"]
[Round "1"]
[White "Norinkeviciute, Rasa"]
[Black "Pert, Nina"]
[Result "0-1"]
[WhiteElo "1837"]
[BlackElo "1553"]
[PlyCount "66"]
[EventDate "2022.08.13"]
[EventType "swiss"]
[EventRounds "9"]
[EventCountry "GBR"]
[SourceTitle "BritBase"]
[Source "John Saunders"]
[SourceDate "2021.06.05"]
[SourceVersion "1"]
[SourceVersionDate "2021.06.05"]
[SourceQuality "1"]

1. c4 e5 2. Nc3 Nc6 3. g3 f5 4. Bg2 Nf6 5. d3 Bb4 6. Bd2 O-O 7. e3 Bxc3 8. Bxc3
d6 9. Ne2 Qe8 10. Qd2 Kh8 11. b3 Bd7 12. Qb2 Qg6 13. O-O-O a5 14. d4 Ng4 15.
Rdf1 Nb4 16. Bxb4 axb4 17. Bxb7 Ra7 18. Bg2 c6 19. h3 Rfa8 20. a4 bxa3 21. Qa2
Nf6 22. Nc3 Rb8 23. Bf3 exd4 24. exd4 f4 25. Kd2 fxg3 26. fxg3 Qg5+ 27. Kd1
Rab7 28. Nb5 Qg6 29. Qxa3 d5 30. Nd6 Rxb3 31. Qa5 Qd3+ 32. Ke1 Qe3+ 33. Kd1
Rb1+ 0-1

[Event "GBR-ch108 Major Open"]
[Site "Torquay"]
[Date "2022.08.13"]
[Round "1"]
[White "Kumar, Sanjit S"]
[Black "Taylor, William J"]
[Result "1-0"]
[WhiteElo "1534"]
[BlackElo "1936"]
[PlyCount "21"]
[EventDate "2022.08.13"]
[EventType "swiss"]
[EventRounds "9"]
[EventCountry "GBR"]
[SourceTitle "BritBase"]
[Source "John Saunders"]
[SourceDate "2021.06.05"]
[SourceVersion "1"]
[SourceVersionDate "2021.06.05"]
[SourceQuality "1"]

1. d4 Nf6 2. c4 g6 3. Nc3 Bg7 4. e4 d6 5. h3 O-O 6. Nf3 e5 7. d5 a5 8. Bg5 Na6
9. Be2 Qe8 10. g4 Nd7 11. h4 1-0

[Event "GBR-ch108 Major Open"]
[Site "Torquay"]
[Date "2022.08.13"]
[Round "1"]
[White "Pert, Max"]
[Black "Leslie, Alex"]
[Result "0-1"]
[WhiteElo "1487"]
[BlackElo "1827"]
[PlyCount "94"]
[EventDate "2022.08.13"]
[EventType "swiss"]
[EventRounds "9"]
[EventCountry "GBR"]
[SourceTitle "BritBase"]
[Source "John Saunders"]
[SourceDate "2021.06.05"]
[SourceVersion "1"]
[SourceVersionDate "2021.06.05"]
[SourceQuality "1"]

1. e4 c5 2. Nc3 Nc6 3. Nf3 g6 4. d4 cxd4 5. Nxd4 Bg7 6. Be3 d6 7. Qd2 Nf6 8. f3
O-O 9. O-O-O d5 10. h3 Nxd4 11. Bxd4 dxe4 12. fxe4 Be6 13. Kb1 Rc8 14. g4 Nxe4
15. Nxe4 Qd5 16. b3 Qxe4 17. Bxg7 Kxg7 18. Bg2 Qe5 19. Bxb7 Rc7 20. Rhe1 Qc3
21. Qxc3+ Rxc3 22. Bd5 Bxd5 23. Rxd5 Re8 24. Rd7 Rxh3 25. Rexe7 Rxe7 26. Rxe7
Rg3 27. Re4 Kf6 28. c4 h5 29. gxh5 gxh5 30. c5 Rg4 31. Re1 Rg8 32. Kc2 h4 33.
Rh1 Rh8 34. Rh3 Kg5 35. b4 Kg4 36. Rh1 h3 37. Rg1+ Kf3 38. Rf1+ Kg2 39. Rxf7 h2
40. Rg7+ Kh3 41. Rxa7 h1=Q 42. Kb3 Qd5+ 43. Ka3 Re8 44. Rh7+ Kg4 45. Ka4 Rb8
46. Rg7+ Kf5 47. Rh7 Qxa2# 0-1

[Event "GBR-ch108 Major Open"]
[Site "Torquay"]
[Date "2022.08.13"]
[Round "1"]
[White "Young, Daniel J"]
[Black "Dasgupta, Avyukt"]
[Result "0-1"]
[WhiteElo "1810"]
[BlackElo "1570"]
[PlyCount "100"]
[EventDate "2022.08.13"]
[EventType "swiss"]
[EventRounds "9"]
[EventCountry "GBR"]
[SourceTitle "BritBase"]
[Source "John Saunders"]
[SourceDate "2021.06.05"]
[SourceVersion "1"]
[SourceVersionDate "2021.06.05"]
[SourceQuality "1"]

1. e4 e6 2. d4 d5 3. e5 c5 4. c3 Qb6 5. Nf3 Bd7 6. Bd3 cxd4 7. O-O Bb5 8. Bxb5+
Qxb5 9. cxd4 Ne7 10. Nc3 Qc4 11. Bd2 Nbc6 12. Rc1 Nf5 13. a4 Nfxd4 14. Nxd4
Qxd4 15. Nb5 Qb6 16. Be3 Qd8 17. Re1 a6 18. Nd6+ Bxd6 19. exd6 Qxd6 20. Bc5 Qd7
21. Qg4 Rg8 22. Qh4 f6 23. Qxh7 Kf7 24. Qh5+ g6 25. Qh7+ Rg7 26. Qh3 Rd8 27.
Bb6 Rc8 28. Qg4 Ne5 29. Qd4 Rc4 30. Rxc4 Nxc4 31. Rc1 e5 32. Qc5 Rg8 33. Rd1
Rc8 34. Rxd5 Qf5 35. Qd4 Qb1+ 36. Qd1 Qxd1+ 37. Rxd1 Nxb6 38. a5 Nd5 39. g3 Ke6
40. Rd3 Rc5 41. h4 Rxa5 42. g4 Rb5 43. h5 gxh5 44. gxh5 Nf4 45. h6 e4 46. Re3
Rg5+ 47. Kf1 Rh5 48. f3 Rxh6 49. Rxe4+ Kf5 50. Rb4 Rh1+ 0-1

[Event "GBR-ch108 Major Open"]
[Site "Torquay"]
[Date "2022.08.13"]
[Round "1"]
[White "Gamal, Alaa"]
[Black "Truman, Richard G"]
[Result "1/2-1/2"]
[WhiteElo "1690"]
[BlackElo "1943"]
[PlyCount "97"]
[EventDate "2022.08.13"]
[EventType "swiss"]
[EventRounds "9"]
[EventCountry "GBR"]
[SourceTitle "BritBase"]
[Source "John Saunders"]
[SourceDate "2021.06.05"]
[SourceVersion "1"]
[SourceVersionDate "2021.06.05"]
[SourceQuality "1"]

1. d4 Nf6 2. c4 g6 3. g3 Bg7 4. Nc3 d5 5. Nf3 O-O 6. Bg2 dxc4 7. Ne5 c5 8. e3
Nc6 9. Nxc6 bxc6 10. Bxc6 Bg4 11. f3 Rc8 12. d5 Rxc6 13. fxg4 Rd6 14. e4 Nd7
15. O-O Ne5 16. Bf4 Rb6 17. Na4 Rb4 18. a3 Rb3 19. Rc1 Qa5 20. Rxc4 Rxg3+ 21.
hxg3 Nxc4 22. Qc2 Qb5 23. Bc1 Bd4+ 24. Kh2 Nxa3 25. Qd1 Nc4 26. b3 Ne5 27. Bg5
Nxg4+ 28. Kg2 Ne3+ 29. Bxe3 Bxe3 30. Nc3 Qd7 31. Ne2 Rc8 32. Rh1 Qg4 33. Qd3
Bg5 34. Ng1 Bf6 35. Nf3 Qd7 36. e5 Bg7 37. Qe4 f5 38. Qh4 h6 39. Qc4 g5 40. Rd1
g4 41. Nh4 Bxe5 42. Ng6 Bd6 43. Qc1 Qb5 44. Qe3 Kf7 45. Rh1 Kxg6 46. Qxh6+ Kf7
47. Qe6+ Kg7 48. Qh6+ Kf7 49. Qe6+ 1/2-1/2

[Event "GBR-ch108 Major Open"]
[Site "Torquay"]
[Date "2022.08.13"]
[Round "1"]
[White "Koiza, Peter"]
[Black "Chan, Michelle (Ngo Yu)"]
[Result "1-0"]
[WhiteElo "1781"]
[BlackElo "1243"]
[PlyCount "91"]
[EventDate "2022.08.13"]
[EventType "swiss"]
[EventRounds "9"]
[EventCountry "GBR"]
[SourceTitle "BritBase"]
[Source "John Saunders"]
[SourceDate "2021.06.05"]
[SourceVersion "1"]
[SourceVersionDate "2021.06.05"]
[SourceQuality "1"]

1. c4 e6 2. Nc3 d5 3. d4 Nf6 4. cxd5 exd5 5. Bg5 c6 6. Qc2 h6 7. Bh4 Be7 8. e3
O-O 9. Bd3 Re8 10. Nge2 Ne4 11. Bxe7 Qxe7 12. Bxe4 dxe4 13. O-O Nd7 14. b4 a6
15. Ng3 Nf6 16. a4 Qxb4 17. Ncxe4 Nxe4 18. Nxe4 Qe7 19. Nc5 b5 20. d5 cxd5 21.
axb5 a5 22. Rfc1 Bd7 23. b6 Rab8 24. b7 a4 25. h3 g6 26. Qc3 Qd6 27. Qa5 Bc6
28. Qb6 Re7 29. Nxa4 Rexb7 30. Qxc6 Qxc6 31. Rxc6 Ra7 32. Rc2 Rba8 33. Rca2 Kg7
34. Nc3 Rxa2 35. Rxa2 Rxa2 36. Nxa2 Kf6 37. Nc3 Ke5 38. g4 d4 39. f4+ Kd6 40.
exd4 f6 41. f5 g5 42. Kf2 Ke7 43. Ke3 Kd6 44. Ke4 Ke7 45. Kd5 Kd7 46. Ne4 1-0

[Event "GBR-ch108 Major Open"]
[Site "Torquay"]
[Date "2022.08.13"]
[Round "1"]
[White "Fleri, Luke"]
[Black "Gardiner, Eric D"]
[Result "0-1"]
[WhiteElo "1483"]
[BlackElo "1915"]
[PlyCount "172"]
[EventDate "2022.08.13"]
[EventType "swiss"]
[EventRounds "9"]
[EventCountry "GBR"]
[SourceTitle "BritBase"]
[Source "John Saunders"]
[SourceDate "2021.06.05"]
[SourceVersion "1"]
[SourceVersionDate "2021.06.05"]
[SourceQuality "1"]

1. e4 c6 2. d4 d5 3. e5 c5 4. c3 Nc6 5. Nf3 Bg4 6. Nbd2 e6 7. Bd3 cxd4 8. O-O
dxc3 9. bxc3 Nh6 10. Re1 Be7 11. Nb3 O-O 12. Bxh6 gxh6 13. Qc2 f5 14. exf6 Rxf6
15. Bxh7+ Kf7 16. Re3 Bd6 17. Rae1 Bf4 18. Nbd4 Bxe3 19. Nxc6 Bxf2+ 20. Qxf2
bxc6 21. Ne5+ Kg7 22. Qd4 Kxh7 23. Nxg4 Rg6 24. Ne5 Rg7 25. Qd3+ Kg8 26. Qh3
Qb6+ 27. Kh1 Qf2 28. Qxe6+ Kh7 29. Rg1 Rag8 30. g3 h5 31. Qh3 Rg5 32. Rf1 Qe2
33. Rf7+ Kh6 34. Rf6+ R8g6 35. Nxg6 Rxg6 36. Rxg6+ Kxg6 37. Kg1 Qe1+ 38. Kg2
Qe2+ 39. Kg1 Qe3+ 40. Kf1 Qxc3 41. Qc8 Qc1+ 42. Kg2 Qc2+ 43. Kg1 Qb1+ 44. Kg2
Qxa2+ 45. Kg1 Qb1+ 46. Kg2 Qe4+ 47. Kg1 d4 48. Qg8+ Kf6 49. Qh8+ Ke7 50. Qg7+
Kd6 51. Qf8+ Kc7 52. Qf7+ Kb6 53. Qb3+ Kc5 54. Qa3+ Kd5 55. Qb3+ Ke5 56. Qb8+
Kd5 57. Qb3+ Kc5 58. Qa3+ Kc4 59. Qa2+ Kc3 60. Qa3+ Kc2 61. Qa2+ Kc1 62. Qa3+
Kd1 63. Qa1+ Kd2 64. Qb2+ Kd3 65. Qb3+ Ke2 66. Qa2+ Kf3 67. Qf7+ Ke3 68. Qf2+
Kd3 69. Qf1+ Kd2 70. Qf7 Qe1+ 71. Kg2 Qe2+ 72. Kg1 Qd1+ 73. Kg2 d3 74. Qf4+ Kc3
75. Qf6+ Kb3 76. Qe6+ Kb2 77. Qf6+ Kb1 78. Qd6 Qc2+ 79. Kh3 d2 80. Qb4+ Qb2 81.
Qe4+ Kc1 82. Qxc6+ Qc2 83. Qh6 Kb1 84. Qxh5 d1=Q 85. Qb5+ Qb3 86. Qf5+ Qdd3 0-1

[Event "GBR-ch108 Major Open"]
[Site "Torquay"]
[Date "2022.08.13"]
[Round "1"]
[White "McKay, Jonathan"]
[Black "Mize, Dylan"]
[Result "1-0"]
[WhiteElo "1636"]
[BlackElo "1538"]
[PlyCount "93"]
[EventDate "2022.08.13"]
[EventType "swiss"]
[EventRounds "9"]
[EventCountry "GBR"]
[SourceTitle "BritBase"]
[Source "John Saunders"]
[SourceDate "2021.06.05"]
[SourceVersion "1"]
[SourceVersionDate "2021.06.05"]
[SourceQuality "1"]

1. e4 c6 2. Nf3 d5 3. Nc3 dxe4 4. Nxe4 Nd7 5. Bc4 e6 6. Qe2 Ngf6 7. Neg5 Nb6 8.
Ne5 Nxc4 9. Qxc4 Qd5 10. Qxd5 exd5 11. Nexf7 Rg8 12. O-O h6 13. Re1+ Be7 14.
Nd6+ Kd7 15. Nxc8 Raxc8 16. Nf7 Ng4 17. d4 Rgf8 18. Ne5+ Nxe5 19. dxe5 Rf5 20.
f4 Bc5+ 21. Kh1 h5 22. g3 Ke6 23. Kg2 g5 24. fxg5 Rf2+ 25. Kh3 Rxc2 26. Rf1 Bf2
27. Kh4 d4 28. g6 Kf5 29. g7 Kg6 30. Bg5 Kxg7 31. e6 Kg6 32. e7 Re8 33. Rad1
Rxb2 34. Rd3 Be3 35. Rf6+ Kg7 36. Bxe3 Kxf6 37. Bxd4+ Kf5 38. Bxb2 Rxe7 39.
Rf3+ Ke4 40. Rf4+ Kd3 41. Rf2 c5 42. Kxh5 c4 43. g4 Ke3 44. Rg2 b5 45. Bc3 Kf3
46. Rg3+ Kf4 47. Bd2+ 1-0

[Event "GBR-ch108 Major Open"]
[Site "Torquay"]
[Date "2022.08.13"]
[Round "1"]
[White "Willow, Hambel M"]
[Black "Sanger, Jake M"]
[Result "0-1"]
[WhiteElo "1585"]
[BlackElo "1639"]
[PlyCount "90"]
[EventDate "2022.08.13"]
[EventType "swiss"]
[EventRounds "9"]
[EventCountry "GBR"]
[SourceTitle "BritBase"]
[Source "John Saunders"]
[SourceDate "2021.06.05"]
[SourceVersion "1"]
[SourceVersionDate "2021.06.05"]
[SourceQuality "1"]

1. d4 Nf6 2. c4 g6 3. Nc3 d5 4. cxd5 Nxd5 5. e4 Nxc3 6. bxc3 Bg7 7. Nf3 c5 8.
Bb5+ Bd7 9. Bxd7+ Qxd7 10. O-O O-O 11. Be3 Rd8 12. Rc1 Qc7 13. Qe2 Nd7 14. Rfd1
Nf6 15. Bg5 h6 16. Bh4 Nh5 17. h3 g5 18. Bg3 Nxg3 19. fxg3 Qxg3 20. Qb5 cxd4
21. cxd4 Bxd4+ 22. Nxd4 Rxd4 23. Qxb7 Qe3+ 24. Kh1 Rad8 25. Re1 R4d7 26. Qc6
Qb6 27. Qa4 Rd2 28. Rf1 Qb2 29. Rcd1 Rxd1 30. Rxd1 Rxd1+ 31. Qxd1 e5 32. Qd8+
Kg7 33. Qe7 a5 34. Kh2 Qd4 35. Qb7 Qc4 36. a3 a4 37. Qa8 Qd4 38. Qc6 h5 39. Qb7
Qe3 40. Qd5 Qf4+ 41. Kh1 g4 42. hxg4 hxg4 43. Qd3 g3 44. Kg1 Qf2+ 45. Kh1 Qe1+
0-1

[Event "GBR-ch108 Major Open"]
[Site "Torquay"]
[Date "2022.08.13"]
[Round "1"]
[White "Garnett, John S"]
[Black "Karski, Sebastian"]
[Result "1-0"]
[WhiteElo "1916"]
[BlackElo "1800"]
[PlyCount "59"]
[EventDate "2022.08.13"]
[EventType "swiss"]
[EventRounds "9"]
[EventCountry "GBR"]
[SourceTitle "BritBase"]
[Source "John Saunders"]
[SourceDate "2021.06.05"]
[SourceVersion "1"]
[SourceVersionDate "2021.06.05"]
[SourceQuality "1"]

1. c4 Nf6 2. g3 g6 3. Bg2 Bg7 4. Nc3 O-O 5. e4 e5 6. Nge2 Nc6 7. O-O d6 8. d3
Ne8 9. Nd5 Ne7 10. Be3 c6 11. Nxe7+ Qxe7 12. Qd2 f5 13. exf5 gxf5 14. f4 a5 15.
Rae1 Nf6 16. Nc3 Be6 17. b3 Rae8 18. Na4 Ra8 19. fxe5 dxe5 20. Bc5 Qc7 21. Bxf8
Rxf8 22. Nc3 Ng4 23. h3 Bh6 24. Qe2 Ne3 25. Rf3 f4 26. Nd1 Nxg2 27. Kxg2 Rf5
28. d4 Rh5 29. g4 Qg7 30. Kf1 1-0

[Event "GBR-ch108 Major Open"]
[Site "Torquay"]
[Date "2022.08.13"]
[Round "1"]
[White "Ashworth, Robert"]
[Black "Merriman, James"]
[Result "0-1"]
[WhiteElo "1581"]
[BlackElo "1683"]
[PlyCount "102"]
[EventDate "2022.08.13"]
[EventType "swiss"]
[EventRounds "9"]
[EventCountry "GBR"]
[SourceTitle "BritBase"]
[Source "John Saunders"]
[SourceDate "2021.06.05"]
[SourceVersion "1"]
[SourceVersionDate "2021.06.05"]
[SourceQuality "1"]

1. e4 e6 2. d4 d5 3. Nd2 Be7 4. Ngf3 Nf6 5. Bd3 c5 6. c3 Nc6 7. O-O cxd4 8.
cxd4 dxe4 9. Nxe4 O-O 10. Ng3 Nb4 11. Bb1 b6 12. Ne5 Bb7 13. a3 Nbd5 14. Re1 b5
15. Qb3 Qb6 16. Nf3 b4 17. a4 a5 18. Bd3 Rac8 19. Bd2 Nc7 20. Ne2 Bxf3 21. gxf3
Ncd5 22. Rac1 Bd6 23. Bg5 Nh5 24. Be4 Ndf4 25. Nxf4 Bxf4 26. Bxf4 Nxf4 27. Qe3
Rxc1 28. Rxc1 e5 29. Rc6 Qxd4 30. Qxd4 exd4 31. Kf1 f5 32. Bb1 b3 33. Ke1 Re8+
34. Kd1 Re2 35. Bxf5 Rxb2 36. Rc8+ Kf7 37. Rc4 Ne2 38. Bd3 Nc3+ 39. Kc1 Rxf2
40. Rc7+ Kf6 41. Rb7 Rxf3 42. Bxh7 Nxa4 43. Be4 Rc3+ 44. Kb1 Nc5 45. Rb6+ Ke5
46. Bh7 a4 47. Kb2 Rh3 48. Bg8 Rxh2+ 49. Ka3 d3 50. Rb5 Kd4 51. Rb8 Ra2+ 0-1

[Event "GBR-ch108 Major Open"]
[Site "Torquay"]
[Date "2022.08.13"]
[Round "1"]
[White "Thatte, Nishchal"]
[Black "Liu, Tianyi (Jack)"]
[Result "1-0"]
[WhiteElo "1850"]
[BlackElo "1529"]
[PlyCount "51"]
[EventDate "2022.08.13"]
[EventType "swiss"]
[EventRounds "9"]
[EventCountry "GBR"]
[SourceTitle "BritBase"]
[Source "John Saunders"]
[SourceDate "2021.06.05"]
[SourceVersion "1"]
[SourceVersionDate "2021.06.05"]
[SourceQuality "1"]

1. d4 Nf6 2. Nf3 g6 3. g3 Bg7 4. Bg2 d5 5. O-O O-O 6. c4 dxc4 7. Na3 c3 8. bxc3
c5 9. Ne5 Nc6 10. Nxc6 bxc6 11. Qa4 Be6 12. Bxc6 Nd5 13. Bd2 Rc8 14. Bb7 Rb8
15. Rab1 cxd4 16. cxd4 Nb6 17. Qxa7 Bxd4 18. Bf4 Bh3 19. Rfd1 Bf5 20. Rbc1 Rxb7
21. Qxb7 Qa8 22. Qxa8 Rxa8 23. Rxd4 Rxa3 24. Bh6 f6 25. Rd8+ Kf7 26. Rf8+ 1-0